Responses for show #5257 - Tuesday, June 19, 2007

Contestants

[<< previous game]

Jesse Berry, a tax analyst from Little Rock, Arkansas

Susan Otto, a teacher from Waukesha, Wisconsin

Kai-Ning Jan, a pediatrician from Culver City, California (whose 1-day cash winnings total $11,999)

[next game >>]

Jeopardy! Round responses

LITERARY MOUNTAINS
HEATHERS
WHERE YA FROM, CONGRESSMAN?
(Alex: We want the state.)
PLANE CRAZY
AGES AGO
"HO" POURRI
    $200 4
Aesop

Susan
    $200 16
Heather Mills

Kai-Ning
    $200 20
Tennessee

Susan
    $200 22
(Bill or William) Lear

Triple Stumper
    $200 9
chariots

Jesse
    $200 1
Horton

Kai-Ning
    $400 5
The Hobbit

Jesse
    $400 17
Heather Locklear

Kai-Ning
    $400 27
Massachusetts

Susan
    $400 23
Boeing

Jesse
    $400 10
Kublai Khan

Kai-Ning
    $400 2
Homeland Security

Kai-Ning
    $600 6
The Magic Mountain

Jesse
    $600 18
Poltergeist

Jesse
    $600 28
Georgia

Jesse
    $600 24
the Enola Gay

Susan
    $600 11
(Jesse: What is... cats?)

sons

Jesse
Triple Stumper
    $600 3
homonyms

Jesse
    $600 7
Kilimanjaro

Jesse
    $800 19
The Young and the Restless

Triple Stumper
    $800 29
(Jesse: What is Texas?)

Wyoming

Jesse
Triple Stumper
    $800 25
Fokker

Jesse
    $800 12
(Susan: What are sails?)

oars(men)

SusanJesse
    $800 14
holistic

Susan
    $1000 8
(Jules) Verne

Jesse
    $1000 21
The Fall Guy

Triple Stumper
    $1000 30
Ohio

Triple Stumper
    $1000 26
the Memphis Belle

Triple Stumper
    $1000 13
Babylon

Susan
    $1000 15
Hobart

Susan

Scores at the first commercial break (after clue 15):

Kai-Ning Susan Jesse
$1,000 $2,200 $3,600

Scores at the end of the Jeopardy! Round:

Kai-Ning Susan Jesse
$1,600 $3,400 $5,200

Double Jeopardy! Round responses

MODERN SCIENTISTS
AFI'S 100 YEARS 100 MOVIES
(Alex: And tomorrow night you can see what they have named the greatest movie of all time. By the way, there are 400 films on the ballot.)
FASHION HISTORY
SHORT PAPAL
OH, CANADA
13-LETTER WORDS
    $400 12
DNA

Kai-Ning
    $400 4
Henry Fonda

Susan
    $400 1
(Alex: It was a little [*], a little [*] with a design usually.)

a patch

Triple Stumper
    $400 7
Benedict

Jesse
    $400 3
a nuclear power plant

Susan
    $400 18
a granddaughter

Kai-Ning
    $2,000 13
(Kai-Ning: Um, who is Canaveral?)
(Alex: No, who was [*], the father of rocketry here in the United States.)

Robert Goddard

Kai-Ning
    $800 5
1939 (or 1942)

Susan
    $800 2
white bucks

Triple Stumper
    $800 8
the Byzantine Emperor

Triple Stumper
    $800 24
1976

Jesse
    $800 19
(Kai-Ning: What is vegetarian?)
...
(Alex: Ism, 13 letters.)

vegetarianism

Kai-NingSusan
    $1200 14
Sakharov

Kai-Ning
    $1200 6
Vertigo

Jesse
    $1200 9
John

Jesse
    $1,200 25
the Royal Canadian Mounted Police

Jesse
    $1200 21
cannibalistic

Jesse
    $1600 15
Heisenberg

Susan
    $1600 16
Ben-Hur

Jesse
    $1600 10
(Susan: Who is Sylvester?)
(Kai-Ning: Who is Balboa?)
...
(Alex: What did Rocky say in a film? "Yo, [*]!" This was Pope [*].)

Adrian

Kai-NingSusan
Triple Stumper
    $1600 26
Pacific time zone

Jesse
    $1600 22
(Kai-Ning: What is a geriatrician?)

gerontologist

Kai-NingJesse
    $2000 17
HIV

Jesse
    $2000 20
(Kai-Ning: What is [*]?)
(Alex: I need 2.)
(Kai-Ning: Oh, um...[buzzer sounds])
(Alex: Sorry, too much time.)
...
(Alex: And I'm disappointed that one of my favorites, The Big Country, didn't make the list.)

2 of (The Big Chill, The Big Sleep, or The Big Parade)

Kai-Ning
Triple Stumper
    $2000 11
Leo

Jesse
    $2000 27
[The end-of-round signal sounds.]

Mulroney

Susan
    $2000 23
(Alex: We have about a minute to go and Kai-Ning, rest assured that we have our researchers already researching "geriatrician" to see if you were correct and we were wrong in our ruling.)

exponentially

Susan

Scores at the end of the Double Jeopardy! Round:

Kai-Ning Susan Jesse
-$4,400 $9,800 $20,000
(lock game)

[wagering suggestions for these scores]

Final Jeopardy! Round responses

HISTORIC NAMES
SusanWho was Lafayette?
$0
JesseWho is
$0
Marquis de Lafayette

Final scores:

Kai-Ning Susan Jesse
-$4,400 $9,800 $20,000
3rd place: $1,000 2nd place: $2,000 New champion: $20,000

Game dynamics:

Coryat scores:

Kai-Ning Susan Jesse
-$2,400 $9,800 $20,200
8 R,
5 W
(including 1 DD)
14 R,
2 W
22 R
(including 2 DDs),
2 W

Combined Coryat: $27,600

The J! Archive is created by fans, for fans. The Jeopardy! game show and all elements thereof, including but not limited to copyright and trademark thereto, are the property of Jeopardy Productions, Inc. and are protected under law. This website is not affiliated with, sponsored by, or operated by Jeopardy Productions, Inc. Join the discussion at JBoard.tv.